Rozpoznaj miasto po zdjęciu - Statystyki

Ogólne statystyki
  • Ten quiz został rozwiązany 207 razy
    187 od ostatniego zresetowania
  • Średni wynik to 7 z 10
Statystyki odpowiedzi
Obrazkowy Odpowiedź % Poprawnych
Rzym
97%
Moskwa
95%
Sydney
91%
Nowy Jork
89%
Tokio
86%
Dubaj
84%
Stambuł
69%
Rio de Janeiro
64%
Kapsztad
27%
Buenos Aires
19%
Nie znaleziono quizów pasujących do podanych kryteriów
Rozkład punktacji
Procent ludzi z każdym wynikiem
Percentyl według liczby udzielonych odpowiedzi
Twoja historia wyników
Nie rozwiązałeś tego quizu od ostatniego zresetowania